01072nam a22003017a 4500999001700000003000900017005001700026008004100043020001500084020001800099040004300117082002100160100005100181245007000232264003600302300004700338336002600385337002800411338002700439500001300466586003200479650003300511651001000544653002200554655002400576942001200600952015800612 c15499d15499EG-ScBUE20210301103709.0110601t1965 nyu f 000 d eng d a0802151140 a9780802151148 aEG-ScBUEbengerdacEG-ScBUEdEG-ScBUE04a822.914bPIN2221 aPinter, Harold,‏d1930-2008,eauthor.92454514aThe birthday party and the room :btwo plays /cby Harold Pinter. 1aNew York :bGrove Press,c1965. a116 pages :b[12] pages of plates ;c21 cm 2rdacontentatextbtxt 2rdamediaaunmediatedbn 2rdacarrieravolumebnc a2 Plays. aNobel prize for literature, 7924969aEnglish drama.2BUEsh 2BUEsh cMay2011bHHUUEENN vReading book934232 2ddccBB 00102ddc40708BaccahaMAINbMAINc2NDd2011-06-01epurchaseg111.00h12344l1o822.914 PINp000023940r2025-07-15 00:00:00s2019-10-20w2011-06-01yBB